<?xml version="1.0" encoding="UTF-8"?>
<collection xmlns="http://www.loc.gov/MARC21/slim">
    <record>
        <controlfield tag="001">85450</controlfield>
        <controlfield tag="005">20191118120726.0</controlfield>
        <datafield tag="024" ind1="8" ind2=" ">
            <subfield code="2">sideral</subfield>
            <subfield code="a">114394</subfield>
        </datafield>
        <datafield tag="037" ind1=" " ind2=" ">
            <subfield code="a">ART-2017-114394</subfield>
        </datafield>
        <datafield tag="041" ind1=" " ind2=" ">
            <subfield code="a">spa</subfield>
        </datafield>
        <datafield tag="100" ind1=" " ind2=" ">
            <subfield code="0">(orcid)0000-0003-0122-8587</subfield>
            <subfield code="a">Arnal Purroy, María Luisa</subfield>
            <subfield code="u">Universidad de Zaragoza</subfield>
        </datafield>
        <datafield tag="245" ind1=" " ind2=" ">
            <subfield code="a">Los aragonesismos que están, y los que no están, en el Diccionario de la Academia</subfield>
        </datafield>
        <datafield tag="260" ind1=" " ind2=" ">
            <subfield code="c">2017</subfield>
        </datafield>
        <datafield tag="506" ind1="0" ind2=" ">
            <subfield code="a">Access copy available to the general public</subfield>
            <subfield code="f">Unrestricted</subfield>
        </datafield>
        <datafield tag="520" ind1="3" ind2=" ">
            <subfield code="a">Dentro de la tradición de estudios sobre la variedad geolectal contenida en el Diccionario de la lengua española de la RAE, el presente trabajo constituye una aproximación, necesariamente parcial, al tratamiento de los aragonesismos en la última entrega del Diccionario académico (DLE), la vigesimotercera, que vio la luz en 2014. A partir de la revisión global de dicha parcela del vocabulario, nuestro propósito es, por una parte, ocuparnos de las principales características lingu¨ísticas y referenciales de las voces aragonesas recogidas en el DLE y, por otra, valorar tanto la selección léxica que se ha llevado a cabo (¿qué sobra?, ¿qué falta?) como determinados aspectos de la información que se proporciona (¿qué debería enmendarse?). Con el objeto de ofrecer la necesaria contextualización, se presentan también unas consideraciones generales sobre la inclusión del léxico regional en el repertorio de la Academia y se hace un rápido repaso de la trayectoria de los aragonesismos en la lexicografía de la corporación, siempre con la mirada puesta en la edición de 2014.</subfield>
        </datafield>
        <datafield tag="540" ind1=" " ind2=" ">
            <subfield code="9">info:eu-repo/semantics/openAccess</subfield>
            <subfield code="a">by-sa</subfield>
            <subfield code="u">http://creativecommons.org/licenses/by-sa/3.0/es/</subfield>
        </datafield>
        <datafield tag="655" ind1=" " ind2="4">
            <subfield code="a">info:eu-repo/semantics/article</subfield>
            <subfield code="v">info:eu-repo/semantics/publishedVersion</subfield>
        </datafield>
        <datafield tag="710" ind1="2" ind2=" ">
            <subfield code="1">3010</subfield>
            <subfield code="2">567</subfield>
            <subfield code="a">Universidad de Zaragoza</subfield>
            <subfield code="b">Dpto. Lingüíst. Gral. e Hisp.</subfield>
            <subfield code="c">Área Lengua Española</subfield>
        </datafield>
        <datafield tag="773" ind1=" " ind2=" ">
            <subfield code="g">73 (2017), 143-170</subfield>
            <subfield code="p">Arch. filol. aragon.</subfield>
            <subfield code="t">Archivo de filología aragonesa</subfield>
            <subfield code="x">0210-5624</subfield>
        </datafield>
        <datafield tag="856" ind1="4" ind2="1">
            <subfield code="u">https://dialnet.unirioja.es/servlet/articulo?codigo=6410362</subfield>
            <subfield code="z">Texto completo de la revista</subfield>
        </datafield>
        <datafield tag="856" ind1="4" ind2=" ">
            <subfield code="s">307636</subfield>
            <subfield code="u">http://zaguan.unizar.es/record/85450/files/texto_completo.pdf</subfield>
            <subfield code="y">Versión publicada</subfield>
        </datafield>
        <datafield tag="856" ind1="4" ind2=" ">
            <subfield code="s">47987</subfield>
            <subfield code="u">http://zaguan.unizar.es/record/85450/files/texto_completo.jpg?subformat=icon</subfield>
            <subfield code="x">icon</subfield>
            <subfield code="y">Versión publicada</subfield>
        </datafield>
        <datafield tag="909" ind1="C" ind2="O">
            <subfield code="o">oai:zaguan.unizar.es:85450</subfield>
            <subfield code="p">articulos</subfield>
            <subfield code="p">driver</subfield>
        </datafield>
        <datafield tag="951" ind1=" " ind2=" ">
            <subfield code="a">2019-11-18-09:51:55</subfield>
        </datafield>
        <datafield tag="980" ind1=" " ind2=" ">
            <subfield code="a">ARTICLE</subfield>
        </datafield>
    </record>

    
</collection>